00317nam a2200121Ia 4500008004100000041000800041082001600049100002000065245004400085260002300129300003100152365001200183240624s9999 xx 000 0 und d aeng a658.325 MUR aMURPHY THOMAS E aBENEFITS AND BEYOND A COMPREHENSIVE AND c2010aLondonbSage axiv, : 521 : p. : cm. ; 25 cGBPb38